• 首页
  • 本馆介绍
  • 公告通知
  • 最新文献
  • 馆藏检索
  • 电子资源
  • 读者导购
  • 参考咨询
  • 我的图书馆
  • 登录
  • 详细信息显示
  • 放入我的书架
  • 预约/预借图书
  • 作者相关作品
  • 分类相关作品
  • 丛书相关作品
  • 出版社相关作品

书目信息

  • 表格格式
  • 工作单格式
  • 卡片格式
题名:
普希金绘画
    
 
作者: 高莽 编著
分册:  
出版信息: 桂林   漓江出版社  2016
页数: 273页
开本: 23cm
丛书名:
单 册:
中图分类: J205.512
科图分类:
主题词:
电子资源:
ISBN: 978-7-5407-7800-2
000 00783nam0 22002291 450
001 0122100703
005 20170322100703.0
010    @a978-7-5407-7800-2@dCNY38.00
100    @a20160707d2016 em y0chiy50 ea
101 0  @achi
102    @aCN@b450000
105    @aa z 000yy
106    @ar
200 1  @a普希金绘画@9pu xi jin hui hua@f高莽编著
210    @a桂林@c漓江出版社@d2016
215    @a273页@c图@d23cm
330    @a本书主要内容有普希金目睹过的他自己的画像、普希金的自画像、俄罗斯作家像、十二月党人像、友人像、外国作家像、妇女像、沙皇像等。
600  0 @a普希金@Apu xi jin@c(Pushkin, Alexander Sergeyevich@f1799-1837)@x绘画评论
690    @aJ205.512@v5
701  0 @a高莽@9gao mang@f(1926~)@4编著
801  0 @aCN@bTANGWEI@c20170308
905    @b0958882-5@dJ205.512@e732@f4
    
    普希金绘画/高莽编著.-桂林:漓江出版社,2016
    273页:图;23cm
    
    
    ISBN 978-7-5407-7800-2:CNY38.00
    本书主要内容有普希金目睹过的他自己的画像、普希金的自画像、俄罗斯作家像、十二月党人像、友人像、外国作家像、妇女像、沙皇像等。
●
相关链接 在E读中查询图书 在五车中查询图书 在当当中查询图书 在豆瓣中查询图书


正题名:普希金绘画     索取号:J205.512/732         预约/预借

序号 登录号 条形码 馆藏地/架位号 状态 备注
1 0958882   209588828   第一样本阅览室/ [索取号:J205.512/732] 在馆    
2 0958883   209588837   第一借阅区/ [索取号:J205.512/732] 在馆    
3 0958884   209588846   第一借阅区/ [索取号:J205.512/732] 在馆    
4 0958885   209588855   第一借阅区/ [索取号:J205.512/732] 在馆    
唐山师范学院图书馆 欢迎您!
大连网信软件有限公司© 版权所有